HR nie je iba prijímanie zamestnancov

Práca s ľudskými zdrojmi. Prijatie zamestnanca s kvalitným potenciálom. Obsadzovanie výkonných pozícií. Development zamestnancov a jeho fázy.

Guardado en:
Detalles Bibliográficos
Autor principal: Jakubčíková, Eva
Otros Autores: Baumgartnerová, Monika
Formato: Capítulo de libro
Lenguaje:eslovaco
Materias:
Etiquetas: Agregar Etiqueta
Sin Etiquetas, Sea el primero en etiquetar este registro!

MARC

LEADER 00000naa$a2200000$$$4500
001 0041027
005 20231006121536.0
041 0 |a slo 
044 |a SK 
245 1 0 |a HR nie je iba prijímanie zamestnancov  |c Eva Jakubčíková, Monika Baumgartnerová 
520 |a Práca s ľudskými zdrojmi. Prijatie zamestnanca s kvalitným potenciálom. Obsadzovanie výkonných pozícií. Development zamestnancov a jeho fázy. 
610 2 0 |a komunikácia manažérska 
610 2 0 |a manažéri 
610 2 0 |a riadenie ľudských zdrojov 
610 2 0 |a zamestnanci 
610 2 0 |a motivácia 
100 1 |a Jakubčíková, Eva 
700 1 |a Baumgartnerová, Monika